Ski jumpers/Skoczkowie Narciarscy - Statistics

General Stats
  • This quiz has been taken 708 times
  • The average score is 30 of 56
Answer Stats
Nationality Answer % Correct
Poland Kamil Stoch
93%
Poland Dawid Kubacki
90%
Poland Piotr Zyla
90%
Austria Stefan Kraft
88%
Poland Maciej Kot
81%
Slovenia Domen Prevc
80%
Slovenia Peter Prevc
80%
Norway Robert Johansson
80%
Japan Ryoyu Kobayashi
79%
Norway Daniel Andre Tande
78%
Japan Junshiro Kobayashi
77%
Norway Johann Andre Forfang
76%
Poland Stefan Hula
75%
Poland Jakub Wolny
73%
Germany Karl Geiger
72%
Norway Marius Lindvik
72%
Czech Republic Roman Koudelka
70%
Switzerland Simon Ammann
70%
Slovenia Anze Lanisek
66%
Norway Halvor Egner Granerud
66%
Japan Noriaki Kasai
63%
Bulgaria Vladimir Zografski
62%
Japan Yukiya Sato
62%
Germany Markus Eisenbichler
61%
Slovenia Timi Zajc
61%
Switzerland Gregor Deschwanden
58%
Switzerland Killian Peier
58%
Japan Daiki Ito
56%
Germany Andreas Wellinger
55%
Austria Daniel Huber
50%
Austria Stefan Huber
47%
Switzerland Dominik Peter
46%
Germany Richard Freitag
46%
Japan Naoki Nakamura
44%
Germany Constantin Schmid
43%
Germany Severin Freund
43%
Germany Stephan Leyhe
42%
Austria Manuel Fettner
41%
Czech Republic Viktor Polasek
40%
Austria Gregor Schlierenzauer
38%
Austria Philipp Aschenwald
38%
Norway Anders Fannemel
37%
Austria Michael Haybock
37%
Slovenia Anze Semenic
33%
Japan Taku Takeuchi
33%
Czech Republic Cestmir Kozisek
30%
Austria Jan Horl
29%
Czech Republic Filip Sakala
26%
Norway Robin Pedersen
26%
Norway Thomas Aasen Markeng
25%
Czech Republic Vojtech Stursa
24%
Austria Clemens Aigner
23%
Switzerland Andreas Schuler
22%
Czech Republic Tomas Vancura
20%
Germany David Siegel
17%
Slovenia Jernej Damjan
16%
No matching quizzes found
Score Distribution
Percent of People with Each Score
Percentile by Number Answered
Your Score History
You have not taken this quiz